ბათუმის შოთა რუსთაველის სახელმწიფო უნივერსიტეტის ბიბლიოთეკა

საქართველოს ფლორა (ბიბ.ჩანაწერი № 44562)

000 -LEADER
fixed length control field 00780nam a2200205Ia 4500
001 - CONTROL NUMBER
control field 11365
003 - CONTROL NUMBER IDENTIFIER
control field GE_BSU
008 - FIXED-LENGTH DATA ELEMENTS--GENERAL INFORMATION
fixed length control field 181216s||||||||xx |||||||||||||| ||und||
040 ## - CATALOGING SOURCE
Transcribing agency GE_BSU
080 ## - UNIVERSAL DECIMAL CLASSIFICATION NUMBER
Universal Decimal Classification number 581.9(479.22)
245 ## - TITLE STATEMENT
Title საქართველოს ფლორა
245 ## - TITLE STATEMENT
Statement of responsibility, etc. რედ: ა. მაყაშვილი დ. სოსნოვსკი ი. თუმაჯანოვი, ო. კაპელერი, ა. მაყაშვილი და სხვ.
260 ## - PUBLICATION, DISTRIBUTION, ETC.
Place of publication, distribution, etc. თბილისი
260 ## - PUBLICATION, DISTRIBUTION, ETC.
Name of publisher, distributor, etc. მეც. აკად. გამ–ბა
260 ## - PUBLICATION, DISTRIBUTION, ETC.
Date of publication, distribution, etc. 1941
300 ## - PHYSICAL DESCRIPTION
Extent 330გვ.25სმ.
300 ## - PHYSICAL DESCRIPTION
Accompanying material ილ. საძიებელი გვ.331
653 ## - INDEX TERM--UNCONTROLLED
Uncontrolled term საქართველოს ფლორა
942 ## - ADDED ENTRY ELEMENTS (KOHA)
Koha item type წიგნი
ეგზემპლარები
Withdrawn status Lost status Damaged status Not for loan Date acquired Barcode Date last seen Price effective from Koha item type
        2018-12-17 19681 2018-12-17 2018-12-17 წიგნი